Squadre con calciatori con almeno 100 presenze in Champions League - Statistics

Statistiche generali
  • Questo quiz è stato fatto 49 volte
  • Il punteggio medio è 10 su 12
Statistiche sulle risposte
Calciatori Nazione Squadra % Corretto
7 Spagna Barcellona
100%
8 Spagna Real Madrid
100%
1 Italia Inter
98%
1 Italia Juventus
98%
1 Italia Milan
98%
4 Germania Bayern Monaco
94%
1 Francia Paris Saint-Germain
94%
3 Inghilterra Manchester United
91%
2 Inghilterra Chelsea
83%
1 Spagna Atletico Madrid
81%
1 Ucraina Dinamo Kiev
60%
1 Norvegia Rosenborg
40%
Nessun quiz corrispondente trovato
Distribuzione punteggi
Percentuale di utenti per punteggio
Percentile per numero di risposta
I tuoi punteggi nel tempo
Non hai fatto questo quiz